Database systems concepts (Record no. 935)

MARC details
000 -LEADER
fixed length control field 00483nam a2200169Ia 4500
008 - FIXED-LENGTH DATA ELEMENTS--GENERAL INFORMATION
fixed length control field 240428s9999||||xx |||||||||||||| ||und||
020 ## - INTERNATIONAL STANDARD BOOK NUMBER
International Standard Book Number 0070447527
041 ## - LANGUAGE CODE
Language code of text/sound track or separate title eng
100 ## - MAIN ENTRY--PERSONAL NAME
Personal name KORTH, Henry F. - SIBERSCHATZ, Abraham
245 #0 - TITLE STATEMENT
Title Database systems concepts
250 ## - EDITION STATEMENT
Edition statement 2nd
260 ## - PUBLICATION, DISTRIBUTION, ETC.
Name of publisher, distributor, etc. Library of Congress Cataloging in Publication Data
Place of publication, distribution, etc. United State of America
Date of publication, distribution, etc. 1991
300 ## - PHYSICAL DESCRIPTION
Extent xix, 694p, illus, tabs.
650 ## - SUBJECT ADDED ENTRY--TOPICAL TERM
Topical term or geographic name entry element Database management.
942 ## - ADDED ENTRY ELEMENTS (KOHA)
Koha item type Books
Holdings
Withdrawn status Lost status Damaged status Not for loan Home library Current library Shelving location Date acquired Total checkouts Full call number Date last seen Copy number Price effective from Koha item type
        Main Library Main Library Reference 23/03/2022   005.74K 1022c1 29/04/2024 1 29/04/2024 Books
©2026  Parliament of Ghana Library - All rights reserved